000 00637nam a2200205 4500
001 132635
003 ES-MaACL
005 20250804062546.0
007 t|
008 070214s1970 sp r ||||1| spa d
100 1 _aRomano, Salvatore Francesco.
_999255
245 1 0 _aHistoria de la mafia /
_cSalvatore Francesco Romano ; traducción de Javier Abásolo.
260 _aMadrid :
_bAlianza,
_c1970.
300 _a304 p. ;
_c18 cm.
490 1 _aEl libro de bolsillo ;
_v279
700 1 _aAbásolo, Javier,
_917981
830 0 3 _aEl libro de bolsillo
_v279
_9177802
852 _aES-MaACL
_jC-40402
_bR.75751
999 _c132635
_d132635